Normal view
MARC view
Entry Personal Name
001 - CONTROL NUMBER
- control field: 12844
003 - CONTROL NUMBER IDENTIFIER
- control field: BD-RjUL
005 - DATE AND TIME OF LATEST TRANSACTION
- control field: 20240505174249.0
008 - FIXED-LENGTH DATA ELEMENTS
- fixed length control field: 240505|| aca||aabn | a|a d
040 ## - CATALOGING SOURCE
- Original cataloging agency: BD-RjUL
- Transcribing agency: BD-RjUL
100 ## - HEADING--PERSONAL NAME
- Personal name: Amin, Muhammad. Nurul, Supervisor
670 ## - SOURCE DATA FOUND
- Source citation: Work cat.: (BD-RjUL)83652: Shah, Md. Abdur Razzaque 12842, Studies on in vitro plantlet regeneration of averrhoa carambola L. / , 1995